| 000 | 00516nam a2200181Ia 4500 | ||
|---|---|---|---|
| 999 |
_c29601 _d29601 |
||
| 003 | OSt | ||
| 005 | 20201211151330.0 | ||
| 008 | 190216s9999||||xx |||||||||||||| ||und|| | ||
| 020 | _a9788176901031 | ||
| 040 | _coclc | ||
| 082 |
_a894.8124 _bSAN/T |
||
| 100 |
_aSanu, M K _96752 |
||
| 245 | 0 |
_aTheranjedutha Prabhanthangal / _cM K Sanu |
|
| 260 |
_bKerala Sahitya Academy, _aThrissur: _c2009. |
||
| 300 | _a356p | ||
| 650 | _aLekhanam | ||
| 942 |
_cBK _2ddc _h894.8124 _iSAN/T _k894.8124 _mSAN/T |
||